| 000 | 00634nam a2200193 4500 | ||
|---|---|---|---|
| 001 | 23628 | ||
| 005 | 20230410115544.0 | ||
| 008 | 060907n1998 dr spa | ||
| 020 | _a0881322512 | ||
| 035 | _9funglode23796 | ||
| 041 | _aEN | ||
| 050 | 1 | 4 | _aHF 1411 K26i 1998 |
| 100 | _aKeesing, Donald B. | ||
| 245 | 1 |
_aImproving trade policy reviews in the World Trade Organization / _cDonald B. Keesing |
|
| 260 |
_aWsahington : _bInstitute for Internationa Economics, _c1998 |
||
| 300 | _axi, 80 p. | ||
| 440 |
_aPolicy Analyses in International Economics ; _v52 |
||
| 942 |
_2lcc _cbk |
||
| 999 |
_c43526 _d43526 |
||